000 00478nam a2200181Ia 4500
005 20250326125545.0
008 250326s9999 xx 000 0 und d
037 _aTextbook
040 _aFMSL
_beng
_cFMSL
041 _aeng
_2eng
084 _aXv K8
_qFMSL
100 _aShanmugasundaram V
_9369188
245 0 _aDrain theory
_cShanmugasundaram V
260 _aBombay
_bBombay, Popular
_c1968
300 _a57p
942 _cTB
_hXv K8
999 _c1278571
_d1278571